000 00326nam a22001457a 4500
008 230413b ||||| |||| 00| 0 eng d
020 _a9780314279613
041 _aeng
080 _a34
082 _a34MED
100 _a31
101 _aJUREDIK
245 _aTEACHER'S MANUAL TO DEVELOPING
_cMEDILL.E.C
942 _2udc
_cBK
999 _c59523
_d59523